Statistics for Locate the landmarks #1

Click here to take the quiz!

General Stats

  • This quiz has been taken 43 times
  • The average score is 25 of 40

Answer Stats

Answer% Correct
London
100%
Rome
97%
Athens
94%
Moscow
94%
Paris
91%
Amsterdam
88%
Copenhagen
88%
Berlin
84%
Brussels
81%
Istanbul
81%
Budapest
78%
Lisbon
78%
Prague
78%
Helsinki
75%
Madrid
75%
Bucharest
69%
Dublin
69%
Kiev
69%
Vienna
66%
Reykjavik
63%
Riga
63%
Warsaw
63%
Minsk
59%
Vatican City
59%
San Marino
56%
Vilnius
56%
Zagreb
56%
Belgrade
53%
Bratislava
53%
Sarajevo
53%
Monaco
50%
Tallinn
47%
Tirana
44%
Vaduz
44%
Ljubljana
31%
Skopje
31%
Valletta
31%
Andorra la Vella
25%
Nicosia
16%
Luxembourg City
9%

Score Distribution

Percentile by Number Answered

Percent of People with Each Score

Your Score History

You have not taken this quiz